000
00312nam a2200109Ia 4500
008
200302s9999 xx 000 0 und d
100
_a
Jean -Louis cohen
245
_a
Le Corbusier 1887 - 1965 the lyricism of Architecture in the machine age
260
_b
Taschen Gmbh Publishing
260
_c
2015
300
_a
96
999
_c
6247
_d
6247